[Event "OWL-ch U14"]
[Site "Hiddenhausen"]
[Date "2005.01.05"]
[Round "7"]
[White "Kammel, Lukas"]
[Black "Graewe, Alexander"]
[Result "1-0"]
[WhiteElo "1484"]
[BlackElo "1197"]
[PlyCount "71"]
[EventDate "2005.01.02"]
[EventType "swiss"]
[EventRounds "7"]
[EventCountry "GER"]
[SourceTitle "EXT 2007"]
[Source "ChessBase"]
[SourceDate "2006.11.23"]
[SourceVersion "1"]
[SourceVersionDate "2006.11.23"]
[SourceQuality "1"]

1. e4 e5 2. Nf3 Nc6 3. Bc4 Bc5 4. c3 Qe7 5. d3 d6 6. h3 Be6 7. Bb3 h6 8. 0-0 0-0-0 9. d4 Bb6 10. d5 Na5 11. dxe6 Nxb3 12. Qxb3 fxe6 13. c4 Nf6 14. Nc3 g5 15. Re1 g4 16. hxg4 Rdg8 17. Be3 Qg7 18. c5 Qxg4 19. Kf1 dxc5 20. Nxe5 Qxg2+ 21. Ke2 Ng4 22. Qxe6+ Kb8 23. Rg1 Qh3 24. Rxg4 Qh5 25. Kd2 Rxg4 26. Qxg4 Qxe5 27. Rg1 c6 28. Bf4 Qxf4+ 29. Qxf4+ Bc7 30. Qf7 Rd8+ 31. Ke2 b5 32. Rg8 b4 33. Rxd8+ Bxd8 34. Na4 Bb6 35. Nxb6 axb6 36. Qd7 1-0

[Event "OWL-ch U14"]
[Site "Hiddenhausen"]
[Date "2005.01.04"]
[Round "6"]
[White "Graewe, Alexander"]
[Black "Nasdalak, Thomas"]
[Result "1-0"]
[WhiteElo "1197"]
[BlackElo "1225"]
[PlyCount "57"]
[EventDate "2005.01.02"]
[EventType "swiss"]
[EventRounds "7"]
[EventCountry "GER"]
[SourceTitle "EXT 2007"]
[Source "ChessBase"]
[SourceDate "2006.11.23"]
[SourceVersion "1"]
[SourceVersionDate "2006.11.23"]
[SourceQuality "1"]

1. e4 e5 2. Nf3 Nc6 3. Bc4 Bc5 4. c3 d6 5. d4 exd4 6. cxd4 Bb6 7. Qb3 Qe7 8. Nc3 Nxd4 9. Nxd4 Bxd4 10. Qa4+ Bd7 11. Bxf7+ Qxf7 12. Qxd4 Qf6 13. Be3 Qg6 14. 0-0-0 Nf6 15. e5 dxe5 16. Qxe5+ Kd8 17. Nd5 Nxd5 18. Qxd5 Qc6+ 19. Qxc6 bxc6 20. Bg5+ Kc8 21. Rhe1 Rf8 22. Re7 Bf5 23. Bf4 Rd8 24. Rxc7+ Kb8 25. Rcd7+ Kc8 26. Rxd8+ Kb7 27. Rxa8 Kxa8 28. Rd4 Be6 29. Rb4 1-0

[Event "OWL-ch U14"]
[Site "Hiddenhausen"]
[Date "2005.01.04"]
[Round "5"]
[White "Graewe, Alexander"]
[Black "Weichert, Moritz"]
[Result "1-0"]
[WhiteElo "1197"]
[BlackElo "1221"]
[PlyCount "39"]
[EventDate "2005.01.02"]
[EventType "swiss"]
[EventRounds "7"]
[EventCountry "GER"]
[SourceTitle "EXT 2007"]
[Source "ChessBase"]
[SourceDate "2006.11.23"]
[SourceVersion "1"]
[SourceVersionDate "2006.11.23"]
[SourceQuality "1"]

1. e4 e5 2. Nf3 Nc6 3. Bc4 Bc5 4. c3 d6 5. d4 exd4 6. cxd4 d5 7. exd5 Bb4+ 8. Nc3 Nce7 9. Qa4+ c6 10. Qxb4 cxd5 11. Bb5+ Bd7 12. Ne5 Nf6 13. 0-0 0-0 14. Bg5 Nc6 15. Nxc6 bxc6 16. Bd3 Rb8 17. Qa4 Rxb2 18. Qxa7 Rd2 19. Bxd2 Ng4 20. h3 1-0

[Event "OWL-ch U14"]
[Site "Hiddenhausen"]
[Date "2005.01.02"]
[Round "2"]
[White "Graewe, Alexander"]
[Black "Unruh, Roland"]
[Result "1-0"]
[WhiteElo "1197"]
[BlackElo "1343"]
[PlyCount "25"]
[EventDate "2005.01.02"]
[EventType "swiss"]
[EventRounds "7"]
[EventCountry "GER"]
[SourceTitle "EXT 2007"]
[Source "ChessBase"]
[SourceDate "2006.11.23"]
[SourceVersion "1"]
[SourceVersionDate "2006.11.23"]
[SourceQuality "1"]

1. e4 e5 2. Nf3 Nc6 3. Nc3 Nf6 4. Bc4 Bb4 5. d3 d5 6. exd5 Nxd5 7. Bd2 Nxc3 8. bxc3 Bd6 9. Ng5 0-0 10. Qh5 h6 11. Bxf7+ Kh8 12. Qg6 hxg5 13. Qh5# 1-0